Problémy mládeže s rodičmi a dospelými

Bibliographic Details
Main Author: Lukáč, Ivan (Author)
Format: Article
Language:Slovak
PhysicalDescription:Fotogr.
ISSN:0139-87681
Subjects:

MARC

LEADER 00000nab a2200000 a 4500
001 vtls010107286
003 SK-MaSNL
005 20260303080807.0
008 140402c2010 xo ||||||||||||00 b|slo
015 |a SNBRB2010/06  |2 snkbucl 
038 |a SNKBUCL 
040 |a SNKBUCL  |b slo  |c SNKBUCL  |e AACR2 
041 0 |a slo 
044 |a xo  |c SK 
080 |a 159.923.5  |2 2001 
100 1 |a Lukáč, Ivan  |4 aut  |9 268255 
245 1 0 |a Problémy mládeže s rodičmi a dospelými  |c Ivan Lukáč 
300 |b Fotogr. 
650 0 7 |a rodinná výchova  |2 snkbucl  |9 66934 
650 0 7 |a rodičia  |x deti  |2 snkbucl  |9 1083140 
650 0 7 |a mládež  |2 snkbucl  |9 1575 
650 0 7 |a rodičia  |x mládež  |2 snkbucl  |9 1083141 
650 0 7 |a deti  |2 snkbucl  |9 773 
773 0 |t Evanjelický posol spod Tatier  |g Roč. 100, č. 25 (2010), s. 3  |x 0139-87681 
852 |a SNK  |b KIS3GCP 
999 |c 1782005  |d 1783935